000 01436cad a22002295a 4500
001 L144523
008 080725e20080722xxk f lf000 0 eng d
035 _a(Sirsi) u144523
041 0 _aeng
050 0 4 _a306.1 $2 18
110 2 _aUnited Kingdom
_kLaws, etc
_95044
245 0 0 _aHousing and Regeneration Act 2008
_h[electronic resource]
260 _aLondon
_bOPSI
_c2008
520 _aAct establishes the Homes and Communities Agency. Also abolishes the Urban Regeneration Agency and the Commission for the New Towns and makes provision in connection with their abolition, including: the regulation of social housing; the abolition of the Housing Corporation; provision for sustainability certificates, landlord and tenant matters, building regulations and mobile homes and for housing and connected purposes. The following provisions come into force on 22 August 2008: sections 294, 304 to 307, 310, 312, 313 and 319 and Schedule 13, and section 321(1), and Schedule 16, so far as relating to the repeals in sections 125D(2), 128(2) and 136(2) of, and paragraph 13(5) of Schedule 5 to, the Housing Act 1985 (c. 68).
521 _aAdvanced
590 _aKA NTK
650 2 4 _aHOUSING AND REGENERATION ACT 2008
651 4 _aEngland and Wales
_y1543-
690 _aPROPERTY-PROPERTY MANAGEMENT-REGENERATION
856 4 0 _uhttps://www.opsi.gov.uk/acts/acts2008a
_zView the item free of charge at www.opsi.gov.uk...
942 _n0
999 _c108530
_d108530